| 000 | 01129cam a22002174a 4500 | ||
|---|---|---|---|
| 005 | 20250605164041.0 | ||
| 008 | 250528s ||||||||||||||||||||||||d | ||
| 035 | _a16985 | ||
| 020 | _a745304761 | ||
| 040 |
_aGR-AtMCL _bgre _dGR-AtMCL _eAACR2 |
||
| 245 | 1 | _aCitizenship and Social Class | |
| 250 | _a1st | ||
| 260 |
_bPluto Press, _c1992 |
||
| 300 | _a104 | ||
| 520 | _aThe meaning of citizenship is re-examined, in very different historical circumstances. Foreword, Preface, Citizenship and Social Class, The Problem Stated and With Assistance of Alfred Marshall, The Development of Citizenship to the End of the Nineteenth Century, The Early Impact of Citizenship on Social Class, Social Rights in the Twentieth Century, Conclusions, Notes, Citizenship and Social Class and Forty Years On, Citizens and Classes and Equality, Capitalism and Socialism and Citizenship, New Questions about Citizenship, Changing Classes and Changing Doctrines, A Kind of Conclusion, Notes, Bibliography, Index. | ||
| 700 | 1 |
_aBottomore Tom _9561 |
|
| 700 | 1 |
_aMarshall T.H _93107 |
|
| 942 | _cBK | ||
| 999 |
_c2427 _d2427 |
||